100 Biggest Cities in New Mexico on a Map - Statistics

General Stats
  • This quiz has been taken 76 times
  • The average score is 25 of 100
Answers on the Map
Answers color-coded by a green-red scale on the quiz's map according to % correct below.
 
Answer Stats
Population City % Correct
564,559 Albuquerque
94%
87,505 Santa Fe
91%
111,385 Las Cruces
89%
104,046 Rio Rancho
83%
48,422 Roswell
80%
6,052 Truth or Consequences
71%
46,624 Farmington
66%
13,179 Los Alamos
66%
30,898 Alamogordo
63%
32,238 Carlsbad
63%
38,567 Clovis
60%
40,508 Hobbs
57%
13,166 Las Vegas
54%
6,474 Taos
54%
21,899 Gallup
51%
17,242 Los Lunas
46%
9,704 Silver City
43%
14,758 Deming
40%
6,041 Raton
37%
8,707 Socorro
37%
16,702 Sunland Park
37%
5,278 Tucumcari
37%
6,201 Aztec
34%
10,526 Española
31%
8,693 Anthony
29%
12,875 Artesia
29%
8,977 Bernalillo
29%
2,643 Clayton
29%
9,163 Grants
29%
2,850 Santa Rosa
29%
38,338 South Valley
29%
2,202 Jal
26%
2,335 Lordsburg
26%
11,668 Lovington
26%
12,137 Portales
26%
7,718 Shiprock
26%
2,052 Valencia
26%
1,946 Moriarty
23%
11,149 North Valley
23%
4,020 Bosque Farms
20%
16,551 Chaparral
20%
8,493 Corrales
20%
3,056 Eunice
20%
1,797 Mesilla
20%
7,679 Ruidoso
20%
2,620 Ruidoso Downs
20%
7,360 Belen
17%
7,421 Bloomfield
17%
2,788 Dulce
17%
6,174 Edgewood
17%
6,005 Eldorado at Santa Fe
17%
5,874 Los Ranchos de Albuquerque
17%
6,529 North Hobbs
17%
5,044 Santa Teresa
17%
2,553 Tularosa
17%
5,852 White Rock
17%
2,913 Agua Fria
14%
2,116 Bayard
14%
2,900 Crownpoint
14%
2,456 Milan
14%
3,007 University Park
14%
2,930 Vado
14%
3,077 Chimayo
11%
2,048 Flora Vista
11%
1,963 Jemez Pueblo
11%
3,838 Kirtland AFB
11%
2,105 La Plata
11%
4,329 Paradise Hills
11%
5,041 Placitas
11%
2,071 Pojoaque
11%
2,707 Ranchos de Taos
11%
4,926 Rio Communities
11%
2,133 San Ysidro
11%
6,176 Zuni Pueblo
11%
1,979 Arroyo Seco
9%
1,978 Cannon AFB
9%
3,810 Holloman AFB
9%
3,885 La Cienega
9%
4,170 Lee Acres
9%
4,573 Meadow Lake
9%
1,907 Nambe
9%
1,942 Navajo
9%
1,801 Rio Rancho Estates
9%
2,367 Thoreau
9%
1,788 Boles Acres
6%
5,257 Crouch Mesa
6%
2,946 El Cerro
6%
2,042 Jarales
6%
4,997 Los Chaves
6%
3,342 Peralta
6%
1,864 Picacho Hills
6%
3,273 Sandia Heights
6%
2,542 San Felipe Pueblo
6%
2,311 Santo Domingo Pueblo
6%
2,724 West Hammond
6%
2,435 Center Point
3%
4,566 El Cerro Mission
3%
1,844 La Mesilla
3%
2,011 South River
3%
2,123 Tres Arroyos
3%
No matching quizzes found
Score Distribution
Percent of People with Each Score
Percentile by Number Answered
Your Score History
You have not taken this quiz